000 00670nam a22001937a 4500
005 20251108170933.0
008 250721s1999 xx 000 0 ara d
082 1 4 _aم/216.62/زعب
100 1 _aالزعبي، تيسير أحمد
245 1 0 _aمجموعة التشريعات الشرعية :
_bالقوانين و الأنظمة و التعليمات.... /
264 1 _aعمان :
_bالمؤلف،
_c1999.
300 _a361ص.
650 1 7 _aالقانون الشرعي
650 1 7 _aالمحاكم الشرعية
650 1 7 _aالتشريعات الشرعية
650 1 7 _aقانون الأحوال الشخصية
942 _2ddc
_cREF
999 _c52542
_d52542